Statistics for Lionel Messi Quiz

Click here to take the quiz!

General Stats

  • This quiz has been taken 1,858 times
  • The average score is 8 of 15

Answer Stats

Hint Answer % Correct
What nationality is he?Argentinian
98%
What club does Messi play for?Barcelona
97%
How many club goals did messi score in the 2004-05 season?1
87%
What is his shirt number?10
81%
How tall is he in feet and inches?5"7
65%
What is his preferred brand of football boot?Adidas
64%
How many La Liga Hat-tricks did he score last season?8
55%
In what year was he the Copa Del Ray top goalscorer?2011
51%
What is his middle name?Andres
42%
His first contract was written on what?Paper napkin
36%
Messi is a goodwill ambassador for which charity?UNICEF
36%
How many goals has he scored for his national team?26
23%
Who did he play for between 1995-2000?Newells Old Boys
23%
Who did he make his full international debut against?Hungary
8%
At the age of 11 he was diagnosed with what condition?Growth hormone deficiency
8%

Score Distribution

Percentile by Number Answered

Percent of People with Each Score

Your Score History

You have not taken this quiz